000 00399nam a2200169 a 4500
001 0538
005 20140414131914.0
008 040128s19uu xx 00 eng d
020 _a
050 _aER
_bH19 1993
245 _aHansel and Gretel /
_cSam Childs, ill.
260 _aItaly :
_bLadybird,
_c1999.
300 _ap. ; cm.
440 _aFavourite tales
650 _a
_x
999 _c111350
_d111350